Представление документа в формате MARC21

Поле Инд. ПП Название Значение
Тип записи a
Библиографический уровень b
001 Контрольный номер RU/IS/BASE/140797459
005 Дата корректировки 20200526074551.4
084 a Индекс другой классификации/Индекс ББК 65.32(2Рос-4Мо)-18; 65.9(2Рос-4Мо)-18
100 10 a Автор Шмелев Г. И.
q Полное имя Шмелев Гелий Иванович
245 00 a Заглавие Агропромышленный комплекс Московской области: пути выхода из кризиса
504 00 a Библиография Примеч.
650 a Основная рубрика экономика
a Основная рубрика экономика сельского хозяйства
653 00 a Ключевые слова аграрная политика
a Ключевые слова агропромышленный комплекс
a Ключевые слова импорт продовольствия
a Ключевые слова интеграция
a Ключевые слова кооперация сельскохозяйственного производства
a Ключевые слова личные подсобные хозяйства
a Ключевые слова Московская область
a Ключевые слова перерабатывающая промышленность
a Ключевые слова пищевая промышленность
a Ключевые слова Россия
a Ключевые слова сельское хозяйство
a Ключевые слова социально-экономическое развитие
a Ключевые слова экономические реформы
773 00 t Заглавие источника Проблемы прогнозирования
d Дата издания источника 2000
g Прочая информация № 4. - С. 60 - 71 : стат. табл.
w Контрольный № источника RU/IS/BASE/142087671
901 t Тип документа b